BIBLIOTHÈQUE DE LA MAISON DU MEXIQUE

Logo 1 Logo 2

Materia dispuesta (notice nᵒ 10087)

détails MARC
000 -Sello discográfico
campo de control de longitud fija 00753nam a2200277 4500
005 - Identificación de versión
campo de control 20251016083353.0
010 ## - Número Estándar Internacional de Libros (ISBN)
Número (ISBN) 968-19-0305-6
035 ## - Otros números de control del sistema
Número de control del sistema 4826
099 ## - fechas locales
Tipo de ítem Koha LIBRO
100 ## - Datos de procesamiento general
Datos de procesamiento general 20120302d1997 m y1spay5003 ba
105 ## - Campo de datos codificados: Material textual, monográfico
Datos codificados de monografía y 001ay
200 1# - Título y mención de responsabilidad
Título propio Materia dispuesta
Designación general del material texto impreso
Primer mención de responsabilidad Juan Villoro
205 ## - Declaración de edición
Declaración de edición 1a reimpr de la 1a ed
210 ## - Publicación, distribución, etc.
Lugar de publicación, distribución, etc. México
Nombre del editor, distribuidor, etc. Alfaguara
Fecha de publicación, distribución, etc. 1997
215 ## - Descripción física
Designación de material específico y extensión del ítem 311 p
Dimensiones 22 cm
345 ## - Nota de información de adquisición
Fuente de adquisición/dirección de la suscripción [OBSOLETO] Donación
660 ## - Código de área geográfica
Código MX
700 ## - Nombre personal - Responsabilidad primaria
Elemento de entrada Villoro Ruiz
Parte del nombre distinta del elemento de entrada Juan Antonio
Fechas 1956-
Número Koha 6005
801 #0 - Fuente de origen
País FR
Agencia cm
Reglas de catalogación (convenciones descriptivas) AFNOR
900 ## -
-- 1/5416
900 ## -
-- 7100317177\101203
942 ## - ELEMENTOS DE ENTRADA SECUNDARIOS (KOHA)
Tipo de ítem Koha Livre
996 ## -
-- MEX
-- 751145101
-- MMAG
-- 002253
-- 863.4 V759M
-- 20120302LIV
Exemplaires
Estatus retirado Estado de daño Estado de pérdida Fecha de adquisición Biblioteca de origen Biblioteca actual Ubicación en estantería Código de barras Precio de reemplazo Signatura topográfica completa No para préstamo Tipo de ítem Koha Nota pública Nota no pública
      05/08/2025 Casa México Paris Casa México Paris   002253 05/08/2025 863.4 V759M   Livre 20120302LIV 751145101